| 000 | 00456nam a2200169Ia 4500 | ||
|---|---|---|---|
| 008 | 180921t2016 xxu||||| |||| 00| 0 sin d | ||
| 041 | _asin | ||
| 080 |
_a294.3 _bGNA |
||
| 100 | _aGhaneessara Himi,Pathegama | ||
| 245 | _aකර්මය හා විපාකය | ||
| 246 | _aKarmaya ha Wipakaya | ||
| 260 |
_bSahitha Poth Piyasa _aMaharagama _c2016 |
||
| 300 | _b116p, 23cm | ||
| 942 | _cBK | ||
| 999 |
_c1900 _d1900 |
||
| 003 | LK-CoDNM | ||
| 040 |
_aLK-CoDNM _dLK-CoDNM _eLK-CoDNM |
||